Tools for conviviality
Sparad:
| Huvudupphovsman: | |
|---|---|
| Materialtyp: | Bok |
| Språk: | Undetermined |
| Publicerad: |
New York
Harper Colophon Books
1980
|
| Ämnen: | |
| Taggar: |
Lägg till en tagg
Inga taggar, Lägg till första taggen!
|
| Thư viện lưu trữ: | Trung tâm Học liệu Trường Đại học Cần Thơ |
|---|
| LEADER | 00475nam a2200181Ia 4500 | ||
|---|---|---|---|
| 001 | CTU_78023 | ||
| 008 | 210402s9999 xx 000 0 und d | ||
| 082 | |a 338.9 | ||
| 082 | |b I.29 | ||
| 100 | |a Illich, Ivan | ||
| 245 | 0 | |a Tools for conviviality | |
| 245 | 0 | |c Ivan Illich | |
| 260 | |a New York | ||
| 260 | |b Harper Colophon Books | ||
| 260 | |c 1980 | ||
| 650 | |a Economic development | ||
| 650 | |x Social aspects | ||
| 980 | |a Trung tâm Học liệu Trường Đại học Cần Thơ | ||